| 000 | 00485nam a22001697a 4500 | ||
|---|---|---|---|
| 999 |
_c19370 _d19370 |
||
| 003 | BDDh-ASL | ||
| 005 | 20231015025758.0 | ||
| 008 | 201125s1980 b ||||| |||| 00| 0 eng d | ||
| 040 |
_aBDDh-ASL _cBDDh-ASL |
||
| 082 |
_a297.63 _bSHH |
||
| 100 | 1 |
_92238 _aSharafuddin, Shaikh _cAl-Hajj |
|
| 245 | 1 | 4 | _aThe Hijrah and the Charter / |
| 260 |
_aDaccs : _bShaikh Sharafuddin, _c1980. |
||
| 300 |
_a110 p. : _c22 cm. |
||
| 650 | 0 |
_92239 _aProphet _vMuhammad (SM.) _xHijrah |
|
| 942 |
_2ddc _cBK |
||